000 00417nam a22001457a 4500
005 20240326060054.0
008 240326b |||||||| |||| 00| 0 eng d
020 _a0117343X
082 _222
_a325
_bLil.
245 _aLila ;
_bAsia pacific women's studies journal /
_cInstitute of Women's Studies .
260 _aPhilippines :
_bInstitute of Women's Studies /
_c1988.
300 _a101 p.,
650 _aWomen.
942 _cL
999 _c614
_d614